00287nam a2200097Ia 4500008004100000020001500041100002000056245007200076260002200148300001900170180205s9999 xx 000 0 und d a9715226302 aRevilla, Lazaro aIncarting the christmas story :bthe salesian transforming presence aMakati Cityc2005 aiii, 247 pages